000 00661nam a2200193Ia 4500
003 GCL
008 140319s9999 xx 000 0 ara d
040 _aGCL /
_cGCL
082 0 4 _a371.91
_bع ت
100 1 _aعبدالمجيد عبدالرحيم
245 1 0 _aتنمية الاطفال المعاقين /
_cعبدالمجيد عبدالرحيم
300 _a175 ص ؛
_c24 سم
650 0 4 _aالاطفال - تدريب
650 0 4 _aالاطفال - العناية الصحية
650 0 4 _aالاطفال - امراض
650 0 4 _aالاطفال - امراض - علم نفس
650 0 4 _aالاطفال - رعاية ذهنية
942 _2ddc
_cBK
999 _c47717
_d47717